UCL player of the season award winners - Statistics

General Stats
  • This quiz has been taken 33 times
  • The average score is 24 of 30
Answer Stats
Hint Answer % Correct
2017-18, Portugal Cristiano Ronaldo
100%
2016-17, Portugal Cristiano Ronaldo
100%
2015-16, Portugal Cristiano Ronaldo
100%
2013-14, Portugal Cristiano Ronaldo
100%
2007-08, Portugal Cristiano Ronaldo
100%
2019-20, Poland Lewandowski
97%
2014-15, Argentina Lionel Messi
97%
2011-12, Argentina Lionel Messi
97%
2010-11, Argentina Lionel Messi
97%
2008-09, Argentina Lionel Messi
97%
2024-25, French Ousmane Dembele
97%
2021-22, France Karim Benzema
93%
2018-19, Netherlands Virgil Van Dijk
90%
2022-23, Spain Rodri
86%
2006-07, Brazil Ricardo Kaka
83%
2023-24, Brazil Vinicius Jr.
83%
2012-13, France Franck Ribery
79%
2005-06, Brazil Ronaldinho
79%
2004-05, England Steven Gerrard
79%
2020-21, Italy Jorginho
76%
2000-01, Germany Oliver Kahn
76%
2001-02, Spain Raul
72%
1999-00, Spain Raul
72%
2009-10, Argentina Diego Milito
69%
2002-03, Italy Maldini
66%
2003-04, Portugal Deco
55%
1997-98, Italy Alessandro Del Piero
52%
1995-96, Finland Jari Litmanen
48%
1998-99, Trinidad and Tobago Dwight Yorke
41%
1996-97, Germany Jurgen Kohler
7%
No matching quizzes found
Score Distribution
Percent of People with Each Score
Percentile by Number Answered
Your Score History
You have not taken this quiz